000 01022nam a2200313Ia 4500
003 OSt
005 20220912145037.0
006 a|||||r|||| 00| 0
007 ta
008 220909b |||||||| |||| 00| 0 eng d
020 _a9781846288388 (hbd)
024 _a81587
037 _b037, 01/09/2008, Insat Books & Periodicals
037 _cTextbook
040 _aCSL
_beng
_cCSL
041 _aeng
082 _aD65,8(B):(S:72), P8 TD
100 _aMunakata Toshinori
245 0 _aFundamentals of the new artificial intelligence: Neural, evoutionary, fuzzy and more
250 _a2
260 _aLondon
_bSpringer
_c2008
300 _axi, 255p. ill.
_ccm.
490 _aTexts in computer science
500 _aIncludes bibliographical references.; Index 247-255p.
650 _a Artificial intelligence
650 _aComputer Science
942 _hD65,8(B):(S:72), P8 TD
_cTB
_2CC
999 _c21662
_d21662